000 00508pab a2200205 454500
008 180718b2006 xxu||||| |||| 00| 0 eng d
100 _aKhanna, Hema
245 _aDeficient environmental taxation in India
260 _c2006
300 _ap.58-63.
362 _aJul-Dec
650 _aEnvironment - India
650 _aTaxation - India
650 _aTaxation
700 _aBhalla, G.S.
700 _aKaur, Hardeep
773 _aPolitical Economy Journal of India
908 _aN
909 _a73515
999 _c73515
_d73515